| 000 | 00642nam a2200205 a 4500 | ||
|---|---|---|---|
| 005 | 20210223124518.0 | ||
| 008 | 011121s1998 mx r 000 0 spa d | ||
| 020 | _a9706560599 | ||
| 035 | _aUPN01000113985 | ||
| 049 | _aI | ||
| 050 | 4 |
_aQK475.8 _bG7.28 |
|
| 100 | 1 |
_aGreenaway, Theresa, _d1947- _936874 |
|
| 245 | 1 | 0 |
_aArboles / _cTheresa Greenaway ; tr. J. M. Verger. |
| 260 |
_aMéxico : _bCNCA, Dirección General de Publicaciones : _bAutrey, _c1998. |
||
| 300 |
_a159 p. : _bil. col. |
||
| 440 | 0 |
_aMiniguía ; _v13 |
|
| 500 | _a"Un minilibro lleno de información" | ||
| 650 | 4 |
_aARBOLES - _vLITERATURA JUVENIL _9604 |
|
| 905 | _aInfantil | ||
| 999 |
_c87893 _d87893 |
||